000 00392nam a2200181Ia 4500
008 210210b1900 xxu||||| |||| 00| 0 eng d
041 _aeng
082 _a954/339
100 _aRANADE (M G)
245 _aRise of Maratha power
260 _aBombay
_b-
_c1900
650 _aRise
650 _apower
650 _aof
650 _aMaratha
690 _aIndian History
906 _a026099
999 _c152037
_d152037